The bandmaster
| Main Author: | |
|---|---|
| Corporate Author: | |
| Format: | Book |
| Published: |
Selangor :
Penerbit Idaman ,
2004
|
| Series: | The moral series
|
| Subjects: |
MARC
| LEADER | 00000cam a2200000 7i4500 | ||
|---|---|---|---|
| 001 | 0000007710 | ||
| 005 | 20151222.0 | ||
| 008 | 070906 | ||
| 020 | |a 9832666619(set) | ||
| 020 | |a 9832666627 | ||
| 090 | 0 | 0 | |a JF |b MOR ENG (7803) |
| 100 | 0 | |a Arif Salleh | |
| 245 | 1 | 4 | |a The bandmaster |c Arif Salleh; P L Ooi |
| 260 | |a Selangor : |b Penerbit Idaman , |c 2004 | ||
| 440 | 4 | |a The moral series | |
| 500 | |a Children ages 7-9 years old (orange) | ||
| 650 | 0 | |a Children stories, English | |
| 650 | 0 | |a English |x Fiction | |
| 710 | 0 | |a Title | |
| 999 | |a 0000991060 |b Book |c Children Collection |e Perbadanan Perpustakaan Awam Johor | ||